| 000 | 00370nam a2200157Ia 4500 | ||
|---|---|---|---|
| 003 | OSt | ||
| 008 | 191201s1999 xx 000 0 und d | ||
| 082 |
_a670.427 _bHIM |
||
| 100 | _aHITOMI, Katsundo | ||
| 245 | 0 | _aManufacturing Systems Engineering | |
| 250 | _aRep | ||
| 260 |
_aNew Delhi _bViva Books _c1999 |
||
| 300 | _a536 | ||
| 650 | _aM.Tech (ME) | ||
| 942 |
_2ddc _cBK |
||
| 999 |
_c5225 _d5225 |
||